|
|
|
|
| LEADER |
00000nam0a2200000 4500 |
| 001 |
261581 |
| 005 |
20231101233558.0 |
| 010 |
|
|
|a 5120003125
|
| 020 |
|
|
|a RU
|b 88-49478
|
| 035 |
|
|
|a (RuTPU)RU\TPU\book\284562
|
| 090 |
|
|
|a 261581
|
| 100 |
|
|
|a 20140524d1988 k y0rusy5003 ca
|
| 101 |
0 |
|
|a rus
|
| 102 |
|
|
|a UA
|
| 105 |
|
|
|a a z 001zy
|
| 200 |
1 |
|
|a Геомагнетизм. Теоретические и практические аспекты
|e сборник научных трудов
|f Академия наук Украинской ССР (АН УССР), Институт геофизики (ИГФ) ; под ред. Г. Н. Петровой
|
| 210 |
|
|
|a Киев
|c Наукова думка
|d 1988
|
| 215 |
|
|
|a 201 с.
|c ил.
|e 1 л. ил.
|
| 320 |
|
|
|a Библиогр. в конце статей
|
| 606 |
1 |
|
|a Земной магнетизм
|x (геофизика)
|2 stltpush
|3 (RuTPU)RU\TPU\subj\11797
|9 38695
|
| 610 |
1 |
|
|a геомагнетизм
|
| 610 |
1 |
|
|a теория
|
| 610 |
1 |
|
|a практика
|
| 610 |
1 |
|
|a геомагнитное поле
|
| 610 |
1 |
|
|a глубинное строение
|
| 610 |
1 |
|
|a литосфера
|
| 610 |
1 |
|
|a палеонтологические исследования
|
| 675 |
|
|
|a 550.38
|z rus
|v 3
|
| 702 |
|
1 |
|a Петрова
|b Г. Н.
|g Галина Николаевна
|4 340
|
| 712 |
0 |
2 |
|a Академия наук Украинской ССР (АН УССР)
|b Институт геофизики (ИГФ)
|c (Киев)
|2 stltpush
|3 (RuTPU)RU\TPU\col\13865
|
| 801 |
|
0 |
|a RU
|b RuMRKP
|c 19950417
|g psbo
|
| 801 |
|
1 |
|a RU
|b 63413507
|c 20140524
|
| 801 |
|
2 |
|a RU
|b 63413507
|c 20160606
|g RCR
|
| 942 |
|
|
|c BK
|